000 00366nam a2200133Ia 4500
008 230917s9999||||xx |||||||||||||| ||und||
040 _e197614
_aMAIN
041 _aEnglish
082 _a491.25 A67A
100 _aAjmer Singh
245 0 _aAbhidha, lakshna, vyanjana vratiyon ka vyakaran aur sahitya ke adhar par tulnatmak adhyayan
300 _a66 p.
942 _cTH
999 _c87617
_d87617